Función del Partido Dominicano en la Era de Trujillo / (Registro nro. 30077)
[ vista simple ]
| 000 -CABECERA | |
|---|---|
| campo de control de longitud fija | 00842nam a2200217 a 4500 |
| 001 - NÚMERO DE CONTROL | |
| campo de control | 000030585 |
| 005 - FECHA Y HORA DE LA ÚLTIMA TRANSACCIÓN | |
| campo de control | 20200930062407.0 |
| 008 - DATOS DE LONGITUD FIJA--INFORMACIÓN GENERAL | |
| campo de control de longitud fija | 110524s1959 dr a 000 | spa d |
| 040 ## - FUENTE DE LA CATALOGACIÓN | |
| Centro catalogador/agencia de origen | DO-SdBNP |
| Lengua de catalogación | spa |
| Centro/agencia transcriptor | BNPHU |
| 082 ## - NÚMERO DE LA CLASIFICACIÓN DECIMAL DEWEY | |
| Número de clasificación | 324.27293053 |
| Número de documento/Ítem | U76f |
| 100 1# - ENTRADA PRINCIPAL--NOMBRE DE PERSONA | |
| Nombre de persona | Uribe, Max, |
| Fechas asociadas al nombre | 1900 -1996 |
| 9 (RLIN) | 9495 |
| 245 10 - MENCIÓN DE TÍTULO | |
| Título | Función del Partido Dominicano en la Era de Trujillo / |
| Mención de responsabilidad, etc. | Max Uribe. |
| 246 13 - FORMA VARIANTE DE TÍTULO | |
| Título propio/Titulo breve | El Partido Dominicano |
| 260 ## - PUBLICACIÓN, DISTRIBUCIÓN, ETC. | |
| Lugar de publicación, distribución, etc. | Ciudad Trujillo, República Dominicana : |
| Nombre del editor, distribuidor, etc. | Impresora Dominicana, |
| Fecha de publicación, distribución, etc. | 1959. |
| 300 ## - DESCRIPCIÓN FÍSICA | |
| Extensión | 258p. : |
| Otras características físicas | il. ; |
| Dimensiones | 21 cm. |
| 590 ## - NOTA LOCAL (RLIN) | |
| Nota local | Inventariado, 2018/VM |
| 610 24 - PUNTO DE ACCESO ADICIONAL DE MATERIA--NOMBRE DE ENTIDAD CORPORATIVA | |
| Nombre de entidad corporativa o nombre de jurisdicción como elemento de entrada | PARTIDO DOMINICANO |
| 9 (RLIN) | 14584 |
| 650 #4 - PUNTO DE ACCESO ADICIONAL DE MATERIA--TÉRMINO DE MATERIA | |
| Término de materia o nombre geográfico como elemento de entrada | Partidos políticos |
| Subdivisión geográfica | República Dominicana |
| Subdivisión cronológica | ERA DE TRUJILLO, 1930-1961 |
| 9 (RLIN) | 57190 |
| 651 #4 - PUNTO DE ACCESO ADICIONAL DE MATERIA--NOMBRE GEOGRÁFICO | |
| Nombre geográfico | República Dominicana |
| Subdivisión general | Política Y Gobierno |
| Subdivisión cronológica | ERA DE TRUJILLO, 1930-1961 |
| 9 (RLIN) | 1374 |
| 910 ## - DATOS DE OPCIÓN DEL USUARIO (OCLC) | |
| Datos de opción del usuario | Validado. Control de calidad MFF |
| Estado de retiro | Estado de pérdida | Restricciones de uso | No para préstamo | Código de colección | Localización permanente | Ubicación/localización actual | Ubicación en estantería | Fecha de adquisición | Número de inventario | Total de préstamos | Signatura topográfica completa | Código de barras | Fecha visto por última vez | Precio válido a partir de | Tipo de ítem Koha | Nota pública |
|---|---|---|---|---|---|---|---|---|---|---|---|---|---|---|---|---|
| Excluido de préstamo | Raros y valiosos | Patrimonio Dominicano | Patrimonio Dominicano | Depósito | 24.05.2011 | LF1 | 324.27293053 U76f | v.1 | 30585-10 | 25.06.2020 | 25.06.2020 | No se presta | Perteneció a la biblioteca personal de Martínez Boog. Dedicado por el autor. | ||||
| Excluido de préstamo | Raros y valiosos | Patrimonio Dominicano | Patrimonio Dominicano | Depósito | 24.05.2011 | LF1 | 324.27293053 U76f | v.1 e.2 | 30585-20 | 25.06.2020 | 25.06.2020 | No se presta | Perteneció a la biblioteca personal de Germán Emilio Ornes. Dedicado por el autor. |
